000
00285nam a2200109Ia 4500
008
221009s9999 xx 000 0 und d
082
_a
303/CHA
100
_a
CHATTERJEE,ATRI KUMAR
_9
81248
245
0
_a
Colonial Criminal Justice
260
_b
Istitute of Historical Studies
942
_c
BK
999
_c
64914
_d
64914